Ayurvedic panchkarama and yoga / (Record no. 101534)
[ view plain ]
| 000 -LEADER | |
|---|---|
| fixed length control field | 00579nam a22001937a 4500 |
| 005 - DATE AND TIME OF LATEST TRANSACTION | |
| control field | 20160803111954.0 |
| 010 ## - LCCN (DPL NO) | |
| LC control number | ENG-115561 |
| 020 ## - INTERNATIONAL STANDARD BOOK NUMBER | |
| International Standard Book Number | 9788170174530 |
| Terms of availability | 450.00 |
| 035 ## - SYSTEM CONTROL NUMBER | |
| System control number | EN-99093 |
| 037 ## - SOURCE OF ACQUISITION | |
| Source of stock number/acquisition | DBAD/PUB |
| 082 ## - DEWEY DECIMAL CLASSIFICATION NUMBER | |
| Classification number | 615.538 |
| 100 ## - MAIN ENTRY--PERSONAL NAME | |
| Personal name | Jain,Mukesh D |
| 245 ## - TITLE STATEMENT | |
| Title | Ayurvedic panchkarama and yoga / |
| Statement of responsibility, etc | by Mukesh D.Jain |
| 260 ## - PUBLICATION, DISTRIBUTION, ETC. (IMPRINT) | |
| Place of publication, distribution, etc | New Delhi |
| Name of publisher, distributor, etc | Abhinav Publications |
| Date of publication, distribution, etc | 2016 |
| 270 ## - ADDRESS | |
| Address | E-37 Hauz Khas |
| City | New Delhi |
| Postal code | 110016 |
| 300 ## - PHYSICAL DESCRIPTION | |
| Extent | 129p. |
| Dimensions | 22cm(Hb) |
| 500 ## - GENERAL NOTE | |
| General note | Includes bibliographical references and index |
| 942 ## - ADDED ENTRY ELEMENTS (KOHA) | |
| Source of classification or shelving scheme | Dewey Decimal Classification |
| Item type | English Books |
| Classification part | 615.538 |
| Call number suffix | JAN |
| Withdrawn status | Lost status | Not for loan | Collection code | Home library | Current library | Date acquired | Source of acquisition | Cost, normal purchase price | Full call number | Barcode | Copy number | Cost, replacement price | Koha item type |
|---|---|---|---|---|---|---|---|---|---|---|---|---|---|
| Non-fiction | Shahdara Branch | Shahdara Branch | 27/07/2016 | DBAD/PUB | 450.00 | 615.538 JAI | EN-99093 | 1 | 450.00 | English Books | |||
| Non-fiction | Shahdara Branch | Shahdara Branch | 10/05/2023 | 450.00 | 615.538 JAN | EN-120336 | 1 | English Books |
